[Event "Titled Tuesday intern op 27th Feb Late"]
[Site "Chess.com INT"]
[Date "2024.02.27"]
[Round "5"]
[White "Bogaudinov, Rushan"]
[Black "Balaji, Aaravamudhan"]
[Result "1-0"]
[WhiteElo "1853"]
[BlackElo "2346"]
[PlyCount "103"]
[EventDate "2024.02.27"]
[EventType "swiss (blitz)"]
[EventRounds "11"]
[EventCountry "USA"]
[SourceTitle "CB10_2024"]
[SourceDate "2024.03.06"]
[SourceVersion "1"]
[SourceVersionDate "2024.03.06"]
[SourceQuality "1"]

1. e4 c5 2. Nf3 a6 3. g3 Nc6 4. Bg2 e5 5. 0-0 d6 6. c3 g6 7. d4 cxd4 8. cxd4 Bg7 9. dxe5 Nxe5 10. Nc3 Ne7 11. Nxe5 Bxe5 12. Bh6 Ng8 13. Be3 Nf6 14. f4 Bxc3 15. bxc3 0-0 16. Bd4 Re8 17. f5 Nxe4 18. fxg6 hxg6 19. Qf3 Bf5 20. Qf4 Qg5 21. Qxg5 Nxg5 22. Bxb7 Rab8 23. Bg2 Rb2 24. Rae1 Ree2 25. Rxe2 Rxe2 26. a4 Nh3+ 27. Kh1 Ng5 28. h4 Ne4 29. Kh2 Nd2 30. Rf2 Rxf2 31. Bxf2 Bc2 32. a5 Nb3 33. Bb6 Kf8 34. Bf1 Nd2 35. Bxa6 Be4 36. Bc8 Nf3+ 37. Kh3 Ne5 38. a6 Nc4 39. Bd4 Na5 40. a7 Ba8 41. Ba6 Ke7 42. g4 Nc6 43. h5 gxh5 44. gxh5 f6 45. Kh4 Kf7 46. Bd3 Kg7 47. Be3 Ne5 48. h6+ Kh8 49. Bf5 Nf3+ 50. Kg3 Ne5 51. Kf4 Nc6 52. Bd4 1-0

[Event "Titled Tuesday intern op 27th Feb Late"]
[Site "Chess.com INT"]
[Date "2024.02.27"]
[Round "10"]
[White "Wu, Derek"]
[Black "Bogaudinov, Rushan"]
[Result "1-0"]
[WhiteElo "2295"]
[BlackElo "1853"]
[PlyCount "95"]
[EventDate "2024.02.27"]
[EventType "swiss (blitz)"]
[EventRounds "11"]
[EventCountry "USA"]
[SourceTitle "CB10_2024"]
[SourceDate "2024.03.06"]
[SourceVersion "1"]
[SourceVersionDate "2024.03.06"]
[SourceQuality "1"]

1. d4 Nf6 2. c4 e6 3. Nc3 d5 4. cxd5 exd5 5. Bg5 c6 6. e3 Nbd7 7. Bd3 Be7 8. Nge2 h6 9. Bh4 Nh5 10. Bxe7 Qxe7 11. 0-0 0-0 12. Qd2 Ndf6 13. Rae1 g6 14. f3 c5 15. Kh1 Bd7 16. Bc2 Rae8 17. Nc1 Qd6 18. Nd3 cxd4 19. exd4 Rxe1 20. Rxe1 Kh7 21. Ne5 Ng7 22. a3 Bf5 23. Bb3 h5 24. Qf4 Ne6 25. Qh4 Kg7 26. Qf2 Qb6 27. Bxd5 Nxd4 28. Bxb7 Qxb7 29. Qxd4 Qxb2 30. g4 hxg4 31. fxg4 Be6 32. g5 Nh5 33. Nd3+ Kh7 34. Nxb2 Rb8 35. Nd3 Rc8 36. Ne4 Bf5 37. Ndc5 Ng7 38. Nf6+ Kh8 39. Qh4+ Nh5 40. Nxh5 gxh5 41. Qxh5+ Kg8 42. Ne4 Bxe4+ 43. Rxe4 Rc1+ 44. Kg2 Rc2+ 45. Re2 Rc8 46. Rf2 a5 47. Qxf7+ Kh8 48. g6 1-0

[Event "Titled Tuesday intern op 13th Feb Early"]
[Site "Chess.com INT"]
[Date "2024.02.13"]
[Round "2"]
[White "Bogaudinov, Rushan"]
[Black "Ashraf, Artin"]
[Result "0-1"]
[WhiteElo "1853"]
[BlackElo "2399"]
[PlyCount "78"]
[EventDate "2024.02.13"]
[EventType "swiss (blitz)"]
[EventRounds "11"]
[EventCountry "USA"]
[SourceTitle "CB08_2024"]
[SourceDate "2024.02.21"]
[SourceVersion "1"]
[SourceVersionDate "2024.02.21"]
[SourceQuality "1"]

1. d4 Nf6 2. e3 g6 3. Nf3 Bg7 4. Be2 0-0 5. 0-0 d6 6. b3 a5 7. a3 e5 8. Bb2 e4 9. Nfd2 Re8 10. c4 h5 11. Nc3 Bf5 12. b4 Nbd7 13. Qb3 h4 14. bxa5 h3 15. g3 Qc8 16. Nd5 Rxa5 17. Bc3 Ra7 18. Rfb1 Nf8 19. Nxf6+ Bxf6 20. c5 Be6 21. d5 Bxd5 22. Qb2 Bxc3 23. Qxc3 Bc6 24. cxd6 cxd6 25. Nc4 Qd8 26. Qd4 Ra4 27. Rb4 Rxb4 28. axb4 d5 29. Na5 Ne6 30. Qb2 d4 31. b5 Bd5 32. exd4 e3 33. fxe3 Ng5 34. Bg4 Qe7 35. Qf2 Qe4 36. Bf3 Nxf3+ 37. Kf1 Qd3+ 38. Qe2 Nxh2+ 39. Ke1 Rxe3 0-1

[Event "Titled Tuesday intern op 13th Feb Late"]
[Site "Chess.com INT"]
[Date "2024.02.13"]
[Round "5"]
[White "Bogaudinov, Rushan"]
[Black "Reinecke, Katharina"]
[Result "1-0"]
[WhiteElo "1853"]
[BlackElo "1936"]
[PlyCount "99"]
[EventDate "2024.02.13"]
[EventType "swiss (blitz)"]
[EventRounds "11"]
[EventCountry "USA"]
[SourceTitle "CB08_2024"]
[SourceDate "2024.02.21"]
[SourceVersion "1"]
[SourceVersionDate "2024.02.21"]
[SourceQuality "1"]

1. d4 d5 2. c4 c6 3. Nc3 Nf6 4. Nf3 Be6 5. cxd5 Bxd5 6. e3 g6 7. Nxd5 cxd5 8. Qb3 Qb6 9. Qxb6 axb6 10. Bb5+ Nc6 11. Bd2 Nd7 12. a4 Bg7 13. 0-0 0-0 14. Rac1 Rfc8 15. h4 Nf6 16. Rfd1 Ne4 17. Be1 Na5 18. Nd2 Nxd2 19. Bxd2 Nb3 20. Rxc8+ Rxc8 21. Bc3 Na5 22. Kf1 e6 23. Ke2 Bf8 24. Kd3 Kg7 25. g4 Nc6 26. Rh1 Nb4+ 27. Kd2 Na2 28. h5 Nxc3 29. bxc3 g5 30. Rb1 Be7 31. Bd3 Bd8 32. Rb4 h6 33. Kc2 Ra8 34. Kb3 f6 35. c4 dxc4+ 36. Bxc4 e5 37. Rb5 exd4 38. exd4 Rc8 39. Rd5 Rc7 40. Rxd8 Re7 41. Rg8+ Kh7 42. Rg6 b5 43. axb5 Rc7 44. Bd3 Kh8 45. Rxh6+ Kg7 46. Rg6+ Kf7 47. h6 Rd7 48. Rg7+ Ke8 49. Rxd7 Kxd7 50. h7 1-0

[Event "Titled Tuesday intern op 13th Feb Late"]
[Site "Chess.com INT"]
[Date "2024.02.13"]
[Round "2"]
[White "Kopczynski, Michal"]
[Black "Bogaudinov, Rushan"]
[Result "1-0"]
[WhiteElo "2225"]
[BlackElo "1853"]
[PlyCount "129"]
[EventDate "2024.02.13"]
[EventType "swiss (blitz)"]
[EventRounds "11"]
[EventCountry "USA"]
[SourceTitle "CB08_2024"]
[SourceDate "2024.02.21"]
[SourceVersion "1"]
[SourceVersionDate "2024.02.21"]
[SourceQuality "1"]

1. e4 e6 2. d4 d5 3. Nc3 Bb4 4. e5 Ne7 5. f4 c5 6. dxc5 Bxc5 7. Nf3 Nbc6 8. Bd3 Nb4 9. a3 Nxd3+ 10. Qxd3 Bd7 11. Bd2 a6 12. 0-0-0 b5 13. Ne2 Qb6 14. g4 b4 15. axb4 Bxb4 16. Bxb4 Qxb4 17. Qa3 Qxa3 18. bxa3 0-0 19. Kd2 Nc6 20. Rb1 Na5 21. Ned4 Nc4+ 22. Ke2 Nxa3 23. Rb7 Bb5+ 24. Kf2 Rfb8 25. Rxb8+ Rxb8 26. Ra1 Nc4 27. Nxb5 axb5 28. Nd4 h6 29. Ra7 g5 30. f5 exf5 31. Nxf5 Nxe5 32. h3 Nc6 33. Rc7 Nb4 34. Nxh6+ Kg7 35. Nf5+ Kf6 36. Ke3 Re8+ 37. Kd4 Re4+ 38. Kc5 Nxc2 39. Kxd5 Re6 40. Rxc2 b4 41. Rb2 Rb6 42. Kc5 Rb8 43. Nd6 b3 44. Nb5 Rc8+ 45. Kb4 Rc2 46. Rxb3 Rf2 47. Kc4 Kg6 48. Kd4 f5 49. Nd6 fxg4 50. hxg4 Rf4+ 51. Ke5 Rxg4 52. Nf5 Ra4 53. Rb6+ Kf7 54. Rf6+ Ke8 55. Rg6 g4 56. Rg7 Kf8 57. Rb7 Ke8 58. Ke6 Kd8 59. Rg7 Kc8 60. Nd6+ Kb8 61. Kd5 Ka8 62. Kc6 Ra6+ 63. Kc5 Ra2 64. Kb6 Rb2+ 65. Nb5 1-0

[Event "Titled Tuesday intern op 13th Feb Early"]
[Site "Chess.com INT"]
[Date "2024.02.13"]
[Round "1"]
[White "Munkhgal, Gombosuren"]
[Black "Bogaudinov, Rushan"]
[Result "1-0"]
[WhiteElo "2401"]
[BlackElo "1853"]
[PlyCount "53"]
[EventDate "2024.02.13"]
[EventType "swiss (blitz)"]
[EventRounds "11"]
[EventCountry "USA"]
[SourceTitle "CB08_2024"]
[SourceDate "2024.02.21"]
[SourceVersion "1"]
[SourceVersionDate "2024.02.21"]
[SourceQuality "1"]

1. d4 d5 2. c4 e6 3. Nf3 Nf6 4. g3 Bb4+ 5. Nbd2 a5 6. Bg2 0-0 7. 0-0 a4 8. Qc2 Nc6 9. a3 Be7 10. Rd1 Bd7 11. e4 dxe4 12. Nxe4 Na5 13. Nxf6+ Bxf6 14. Bf4 Nb3 15. Rab1 Qc8 16. Ne5 Rd8 17. Be4 g6 18. Ng4 Bg7 19. Be5 Bc6 20. Bxc6 bxc6 21. Nf6+ Kh8 22. Qe4 Qa6 23. Qh4 h6 24. Ng4 h5 25. Qg5 Kg8 26. Bxg7 Kxg7 27. Qh6+ 1-0

[Event "Titled Tuesday intern op 06th Feb Late"]
[Site "Chess.com INT"]
[Date "2024.02.06"]
[Round "11"]
[White "Antoniou, Rafail"]
[Black "Bogaudinov, Rushan"]
[Result "1-0"]
[WhiteElo "2036"]
[BlackElo "1853"]
[PlyCount "65"]
[EventDate "2024.02.06"]
[EventType "swiss (blitz)"]
[EventRounds "11"]
[EventCountry "USA"]
[SourceTitle "CB07_2024"]
[SourceDate "2024.02.14"]
[SourceVersion "1"]
[SourceVersionDate "2024.02.14"]
[SourceQuality "1"]

1. e4 a6 2. c4 c5 3. Nf3 e6 4. b3 d5 5. Nc3 d4 6. Ne2 Nc6 7. Ng3 e5 8. d3 Nf6 9. Be2 Be7 10. 0-0 0-0 11. a3 a5 12. Nh4 Nxe4 13. Nxe4 Bxh4 14. Nxc5 Be7 15. Ne4 f5 16. Ng3 Bd6 17. f4 Qc7 18. fxe5 Bxe5 19. Bf3 Bxg3 20. hxg3 Qxg3 21. Bf4 Qg6 22. Re1 Bd7 23. Bh5 Qf6 24. Qf3 Be6 25. Qg3 Bf7 26. Bg5 f4 27. Qh4 Qf5 28. Bg4 Qxd3 29. Rad1 Qxb3 30. Bf5 g6 31. Qh6 Be8 32. Be6+ Rf7 33. Bf6 1-0

[Event "Titled Tuesday intern op 06th Feb Late"]
[Site "Chess.com INT"]
[Date "2024.02.06"]
[Round "5"]
[White "Bogaudinov, Rushan"]
[Black "Baches Garcia, Guillermo"]
[Result "1/2-1/2"]
[WhiteElo "1853"]
[BlackElo "2319"]
[PlyCount "74"]
[EventDate "2024.02.06"]
[EventType "swiss (blitz)"]
[EventRounds "11"]
[EventCountry "USA"]
[SourceTitle "CB07_2024"]
[SourceDate "2024.02.14"]
[SourceVersion "1"]
[SourceVersionDate "2024.02.14"]
[SourceQuality "1"]

1. e4 c5 2. Nf3 d6 3. d4 cxd4 4. Nxd4 Nf6 5. Nc3 Nc6 6. Nxc6 bxc6 7. Bd3 g6 8. 0-0 Bg7 9. Rb1 0-0 10. b3 d5 11. Bb2 e5 12. Na4 Nxe4 13. Bxe4 dxe4 14. Nc5 Qd5 15. Ba3 f5 16. Qe2 Re8 17. Rfd1 Qf7 18. Rd2 Bf8 19. Rbd1 h5 20. h4 Be6 21. Nxe6 Rxe6 22. Bxf8 Rxf8 23. Rd7 Re7 24. R7d6 Re6 25. Rd7 Re7 26. R7d6 Re6 27. Qa6 Rxd6 28. Rxd6 e3 29. fxe3 f4 30. exf4 Qxf4 31. Rxg6+ Kh7 32. Qxc6 Qd4+ 33. Kh2 Qxh4+ 34. Kg1 Qe1+ 35. Kh2 Qh4+ 36. Kg1 Qe1+ 37. Kh2 Qh4+ 1/2-1/2

[Event "Titled Tuesday intern op 06th Feb Early"]
[Site "Chess.com INT"]
[Date "2024.02.06"]
[Round "9"]
[White "Bogaudinov, Rushan"]
[Black "Hernandez, Elvert"]
[Result "0-1"]
[WhiteElo "1853"]
[BlackElo "1947"]
[PlyCount "110"]
[EventDate "2024.02.06"]
[EventType "swiss (blitz)"]
[EventRounds "11"]
[EventCountry "USA"]
[SourceTitle "CB07_2024"]
[SourceDate "2024.02.14"]
[SourceVersion "1"]
[SourceVersionDate "2024.02.14"]
[SourceQuality "1"]

1. d4 Nf6 2. c4 g6 3. Nc3 Bg7 4. e4 d6 5. f4 0-0 6. e5 dxe5 7. fxe5 Nfd7 8. c5 e6 9. Nf3 b6 10. Bg5 f6 11. exf6 Bxf6 12. h4 Bb7 13. Bc4 Qe7 14. Qe2 Re8 15. Ne4 bxc5 16. Nxf6+ Nxf6 17. Qe5 Nbd7 18. Bxf6 Qxf6 19. Qxf6 Nxf6 20. dxc5 Bxf3 21. gxf3 Rad8 22. Rd1 Kf7 23. Ke2 Nh5 24. Ke3 Ng3 25. Rxd8 Rxd8 26. Re1 Nf5+ 27. Ke4 Rd4+ 28. Ke5 Rxc4 29. b4 Rxb4 30. h5 Rc4 31. hxg6+ hxg6 32. Rh1 Rxc5+ 33. Kf4 Kf6 34. Kg4 Rc4+ 35. f4 e5 36. Rb1 Rxf4+ 37. Kh3 Rc4 38. Rb7 a5 39. a4 Nd6 40. Ra7 Rxa4 41. Kg3 Nb5 42. Ra8 Kf5 43. Rf8+ Kg5 44. Rf1 Ra3+ 45. Kg2 Nd4 46. Rc1 c6 47. Rc5 Kf4 48. Rc1 g5 49. Rf1+ Kg4 50. Kh1 Ra2 51. Rg1+ Kf4 52. Rf1+ Nf3 53. Rf2 Ra1+ 54. Kg2 Rg1+ 55. Kh3 Rg3# 0-1

[Event "Titled Tuesday intern op 06th Feb Early"]
[Site "Chess.com INT"]
[Date "2024.02.06"]
[Round "1"]
[White "Bogaudinov, Rushan"]
[Black "Kislinsky, Alexey"]
[Result "0-1"]
[WhiteElo "1853"]
[BlackElo "2361"]
[PlyCount "186"]
[EventDate "2024.02.06"]
[EventType "swiss (blitz)"]
[EventRounds "11"]
[EventCountry "USA"]
[SourceTitle "CB07_2024"]
[SourceDate "2024.02.14"]
[SourceVersion "1"]
[SourceVersionDate "2024.02.14"]
[SourceQuality "1"]

1. d4 Nf6 2. Nf3 g6 3. g3 Bg7 4. Bg2 b6 5. 0-0 Bb7 6. c4 0-0 7. Nc3 Ne4 8. Bf4 Nxc3 9. bxc3 d6 10. Qc2 Nd7 11. a4 a5 12. h4 e5 13. Bg5 Qc8 14. h5 Re8 15. h6 Bh8 16. Rfe1 exd4 17. cxd4 Be4 18. Qb3 Rb8 19. Rac1 Bxf3 20. Qxf3 Bxd4 21. Bh3 Ne5 22. Qg2 Qb7 23. Qxb7 Rxb7 24. Bg2 Rbb8 25. e3 Nd3 26. Bc6 Nxe1 27. Rxe1 Re5 28. Bf4 Re7 29. Bg5 f6 30. Rd1 Be5 31. Bf4 Bxf4 32. gxf4 Kf7 33. Kg2 f5 34. Kf3 Kf6 35. Bd5 Rc8 36. Bb7 Rd8 37. Bd5 Ree8 38. Rd2 Re7 39. Bc6 Rf8 40. Bd5 g5 41. fxg5+ Kxg5 42. Rd1 Kxh6 43. Kf4 Kg7 44. Rg1+ Kh8 45. Rg5 Rg7 46. Rh5 Re7 47. Rh6 Rg7 48. Rh1 Rg4+ 49. Kf3 Kg7 50. Ke2 Rg6 51. Kf3 Rgf6 52. Kf4 Rg6 53. Bf3 Re8 54. Rh5 Re5 55. Bd5 Re7 56. Kf3 Re8 57. Kf4 Rf8 58. Rh2 Re8 59. Kf3 Rf8 60. Kf4 Rg4+ 61. Kf3 h6 62. Be6 Rg5 63. Kf4 Kg6 64. Bd5 h5 65. Bf3 Rh8 66. Rh4 Rh6 67. Bc6 Rg4+ 68. Rxg4+ hxg4 69. Bd7 Rh4 70. Bxf5+ Kf6 71. Bxg4 Rh1 72. Bd7 Rc1 73. Bb5 Rc2 74. f3 c6 75. Bxc6 Rxc4+ 76. Be4 d5 77. Kg3 dxe4 78. Kf4 exf3+ 79. Kxf3 Rxa4 80. Ke2 Ke5 81. Kd3 Kd5 82. Kc3 Ra3+ 83. Kd2 Ke4 84. Ke2 Rxe3+ 85. Kd2 Rh3 86. Kc2 a4 87. Kb2 a3+ 88. Ka2 b5 89. Ka1 b4 90. Kb1 b3 91. Kc1 Rh2 92. Kd1 a2 93. Ke1 a1Q# 0-1